000
00247nam a22001217a 4500
041
_a
ENG
100
_a
Biswas.H.S
245
_a
Weed Control Technolgy
260
_a
Bhopal
_b
CIAE
_c
1981
300
_a
79
650
_a
GAE
856
_u
GAE ( 37 )
999
_c
2462
_d
2462